Statistiques concernant Culture Générale - Série 681

Cliquez ici pour prendre le quiz!

Statistiques générales

  • Ce quiz a été pris 56 fois
  • Le résultat moyen est 7 sur 10

Statistiques - réponses

QuestionRéponse% Correct
Quel haut dignitaire catholique est appelé "souverain pontife" ?pape
98%
Le symbole de la femme coiffée d'un bonnet phrygien incarnant la République française est prénommé...Marianne
98%
Quel prénom masculin désigne la célèbre statuette décernée, chaque année aux États-Unis, par l'Académie des arts et sciences du cinéma ?Oscar
98%
Que signifie le "L" du sigle immobilier H.L.M. ?Loyer
96%
Quelle est la capitale des Philippines ?Manille
88%
Sur quelle île méditerranéenne se trouve la ville de Marsala, qui a donné son nom à un vin liquoreux ?Sicile
85%
Quand on a dormi 12 heures d'affilée, on dit qu'on a fait le tour du...cadran
85%
Quel roman écrit par Walter Scott en 1819, raconte la lutte pour le royaume d'Angleterre, entre Richard Coeur de Lion et Jean sans Terre ?Ivanhoé
29%
En 1987, quelle chanteuse a mis la France en émoi avec le titre : "Etienne" ?Guesch Patti
27%
Avec quel comédien, Jacqueline Maillan a-t-elle enregistré une parodie de la chanson de Serge Gainsbourg : "Je t'aime moi... non plus" ?Bourvil
12%

Distribution des résultats

Percentile par nombre de réponses

% des personnes avec chaque résultat

Votre développement - résultats

Vous n’avez pas pris ce quiz